| 000 | 00819pam a2200277 i 4500 | ||
|---|---|---|---|
| 001 | 16903 | ||
| 003 | BD-RjUL | ||
| 005 | 20211209000050.0 | ||
| 008 | 140215s1964 mau 000 1 eng d | ||
| 035 | _a(BD-RjUL)16959 | ||
| 040 |
_aDLC _cDLC _dDLC _dBD-RjUL _beng |
||
| 041 | _aeng | ||
| 082 | 0 | 0 |
_a813.54 _bAUR 1964 |
| 100 | 1 |
_aAuchincloss, Louis. _951757 |
|
| 245 | 1 | 4 |
_aThe rector of Justin / _cLouis Auchincloss. |
| 260 |
_aBoston : _bHoughton Mifflin, _c c1964. |
||
| 300 |
_a341 p. : _c22 cm. |
||
| 650 | 0 |
_aPreparatory schools _952169 |
|
| 650 | 0 |
_aSchool principals _xFiction. _952170 |
|
| 650 | 0 |
_aBoys _vFiction. _942544 |
|
| 651 | 0 |
_aNew England _vFiction. _952171 |
|
| 655 | 7 |
_aPsychological fiction. _2lcsh _952181 |
|
| 942 |
_2ddc _cBK |
||
| 999 |
_c16903 _d16903 |
||